Oeuvres philosophiques de Condillac. (Record no. 42416)
[ view plain ]
| 000 -LEADER | |
|---|---|
| campo de control de longitud fija | 00822nam a2200193 i 4500 |
| 001 - NÚMERO DE CONTROL | |
| campo de control | 42416 |
| 003 - IDENTIFICADOR DE NÚMERO DE CONTROL | |
| campo de control | ES-MaACL |
| 005 - FECHA Y HORA DE LA ÚLTIMA TRANSACCIÓN | |
| campo de control | 20251015063055.0 |
| 007 - CAMPO FIJO DE DESCRIPCIÓN FÍSICA--INFORMACIÓN GENERAL | |
| campo de control de longitud fija | t| |
| 008 - DATOS DE LONGITUD FIJA--INFORMACIÓN GENERAL | |
| campo de control de longitud fija | 030320s1799 fr ||||1| fre d |
| 100 1# - ENTRADA PRINCIPAL--NOMBRE DE PERSONA | |
| Nombre de persona | Condillac, Étienne Bonnot de, |
| Fechas asociadas al nombre | 1714-1780 |
| 9 (RLIN) | 40142 |
| 245 10 - MENCIÓN DEL TÍTULO | |
| Título | Oeuvres philosophiques de Condillac. |
| 260 ## - PUBLICACIÓN, DISTRIBUCIÓN, ETC. | |
| Lugar de publicación, distribución, etc. | Paris : |
| Nombre del editor, distribuidor, etc. | Chez Batilliot Frères, |
| Fecha de publicación, distribución, etc. | An VII [1799] |
| 300 ## - DESCRIPCIÓN FÍSICA | |
| Extensión | 6 tomos en 2 vols. ; |
| Dimensiones | 13 cm. |
| 505 8# - NOTA DE CONTENIDO CON FORMATO | |
| Nota de contenido con formato | Contiene: t. 1. Essai sur l'origine des connaissances humaines -- t. 2. Du langaje et de la Méthode -- t. 3. Traité des sensations t. 4. Dissertation sur la liberté. Extrait des sensations. Traité des animaux -- t. 5-6. Traité des systèmes. |
| 650 07 - PUNTO DE ACCESO ADICIONAL DE MATERIA--TÉRMINO DE MATERIA | |
| Término de materia o nombre geográfico como elemento de entrada | Filosofía |
| Fuente del encabezamiento o término | embne |
| 9 (RLIN) | 12802 |
| 852 ## - LOCALIZACIÓN | |
| Ubicación | ES-MaACL |
| Número de control de estantería | R-3469-70 |
| Encuadernación | .- Olim: G-3533-34 |
| Estatus retirado | Estado de pérdida | Estado de daño | No para préstamo | Colección | Biblioteca de origen | Biblioteca actual | Ubicación en estantería | Fecha de adquisición | Fuente de adquisición | Total de préstamos | Signatura topográfica completa | Código de barras | Visto por última vez | Precio de reemplazo | Tipo de ítem Koha |
|---|---|---|---|---|---|---|---|---|---|---|---|---|---|---|---|
| Libros del s. XVIII | Biblioteca del Ateneo de Madrid | Biblioteca del Ateneo de Madrid | Depósito | 17/01/2008 | R-3469-70 | 1044634 | 23/02/2023 | 23/02/2023 | Libro impreso antiguo |
